000
00333nam a2200145Ia 4500
003
OSt
005
20240108145632.0
008
170523s9999 xx 000 0 und d
020
_a
9788126537297
040
_c
IIMT UNIVERSITY
100
_a
Ponniah- Paulraj
245
0
_a
Data Warehousing
260
_a
Wiley India
942
_2
ddc
_c
02
999
_c
11999
_d
11999